La investigación en las ciencias humanas: la producción científica en la Facultad de Humanidades
Tallennettuna:
| Yhteisötekijä: | |
|---|---|
| Aineistotyyppi: | Kirja |
| Kieli: | espanja |
| Julkaistu: |
Corrientes
Universidad Nacional del Nordeste
2000
|
| Aiheet: | |
| Tagit: |
Lisää tagi
Ei tageja, Lisää ensimmäinen tagi!
|
MARC
| LEADER | 00000nam a2200000 a 4500 | ||
|---|---|---|---|
| 001 | UCN6568 | ||
| 003 | CL-VaPUC | ||
| 005 | 20211026125931.0 | ||
| 008 | 010928e20000000ag 1 spa d | ||
| 082 | 0 | 4 | |a 300.72 |b UNI |2 21 |
| 110 | 2 | |a Universidad Nacional del Nordeste. Facultad de Humanidades |e author |9 619981 | |
| 245 | 1 | 3 | |a La investigación en las ciencias humanas: la producción científica en la Facultad de Humanidades |
| 260 | |a Corrientes |b Universidad Nacional del Nordeste |c 2000 | ||
| 300 | |a 880 p | ||
| 583 | |a last modification |c 20190821 11:39:13 |k Rodrigo Vera | ||
| 650 | 0 | 0 | |a Ciencias sociales |9 256351 |
| 650 | 0 | 0 | |a Investigación científica |9 259857 |
| 650 | 0 | 0 | |a Proyectos de investigación |9 259727 |
| 942 | |c BK | ||
| 945 | |a crobeson |d 20010928 00:00:00 | ||
| 546 | |a En Español | ||
| 536 | |a Universidad Nacional del Nordeste | ||
| 518 | |p La Investigación en las Ciencias Humanas: la Producción Científica en la Facultad de Humanidades, 1, Corrientes, 21 y 22 de septiembre de 2000 | ||
| 999 | |c 383695 |d 383693 | ||
| 952 | |0 0 |1 0 |4 0 |6 300_720000000000000_UNI_2000 |7 0 |8 A |9 505907 |a BIBEDU |b BIBEDU |d 2020-01-23 |i 3756580 |o 300.72 UNI 2000 |p 3756580 |r 2020-01-23 |w 2020-01-23 |y BK |k LIT | ||